000 00331nam a2200145Ia 4500
008 191201s2019 xx 000 0 und d
082 _a658
_bMAE
100 _aMASSIE, Joseph L
245 0 _aEssentials of Management
250 _aRep
260 _aN.Delhi
_bPrentice Hall
300 _a301
650 _aMBA
942 _2ddc
_cBK
_02
999 _c5366
_d5366